La estratificación social

Spremljeno u:
Bibliografski detalji
Glavni autor: Littlejohn, James (autor)
Format: Knjiga
Jezik:španjolski
Izdano: Madrid Alianza 1975
Teme:
Oznake: Dodaj oznaku
Bez oznaka, Budi prvi tko označuje ovaj zapis!

MARC

LEADER 00000nam a2200000 a 4500
001 UCS0367
003 CL-VaPUC
008 970426e19750000SP |||||||||||||||||spa|d
082 0 4 |a 305  |b LIT  |2 21 
100 |a Littlejohn, James  |e autor  |9 383735 
245 1 3 |a La estratificación social 
300 |a 196 p 
942 |c BK 
945 |d 19970426 00:00:00  |a aalvarez 
260 |a Madrid  |b Alianza  |c 1975 
650 7 |a ESTRUCTURA SOCIAL  |2 CL-VaPUC  |9 383736 
650 0 |a Clases sociales  |9 256858 
650 0 |a Cambio social   |9 256857 
583 |a last modification  |c 19970426 00:00:00  |k Rodrigo Vera 
999 |c 258599  |d 258597 
952 |0 0  |1 0  |4 0  |6 305_000000000000000_LIT_1975  |7 0  |8 A  |9 282813  |a BIBTEO  |b BIBTEO  |d 2019-11-19  |i 3290093  |o 305 LIT 1975  |p 3290093  |r 2025-01-17  |w 2019-11-19  |y BK  |k ICR 
952 |0 0  |1 0  |4 0  |6 305_000000000000000_LIT_1975  |7 0  |8 A  |9 282814  |a FDOPOS  |b FDOPOS  |d 2019-11-19  |i 426973K  |o 305 LIT 1975  |p 426973K  |r 2025-01-22  |w 2019-11-19  |y BK  |k MLA 
952 |0 0  |1 0  |4 0  |6 305_000000000000000_LIT_1975  |7 0  |8 A  |9 282815  |a FDOPOS  |b FDOPOS  |d 2019-11-19  |i 4269721  |o 305 LIT 1975  |p 4269721  |r 2025-01-22  |w 2019-11-19  |y BK  |k MLA